| 000 | 00931nam a2200277 a 4500 | ||
|---|---|---|---|
| 001 | 34965 | ||
| 003 | BD-RjUL | ||
| 005 | 20211209052234.0 | ||
| 008 | 160516s1974 fr a b i000 0 eng | ||
| 020 | _a9231011995 | ||
| 035 | _a(BD-RjUL) 35059 | ||
| 040 |
_aLC _beng _cLC _dABN:SN _dBD-RjUL |
||
| 041 | _aeng | ||
| 082 | 0 | 4 |
_a968.06 _223 _bRAC 1974 |
| 245 | 0 | 0 |
_aRacism and apartheid in southern Africa : _bSouth Africa and Namibia : a book of data based on material / _cprepared by the Anti-apartheid Movement. |
| 260 |
_aParis : _bUnesco Press, _c1974. |
||
| 300 |
_a156 p. : _bill. ; _c24 cm. |
||
| 504 | _aBibliography: p. [153]-156. | ||
| 650 | 0 |
_aApartheid _zSouth Africa. _9105238 |
|
| 650 | 0 |
_aApartheid _zNamibia. _9106451 |
|
| 651 | 0 |
_aSouth Africa _xRace relations. _978474 |
|
| 651 | 0 |
_aNamibia _xRace relations. _9106452 |
|
| 710 | 2 |
_aAnti-apartheid Movement. _9106453 |
|
| 942 |
_2ddc _cBK |
||
| 999 |
_c34965 _d34965 |
||